| 000 | 00885 a2200229 4500 | ||
|---|---|---|---|
| 999 |
_c328501 _d328501 |
||
| 003 | Nust | ||
| 005 | 20170410125137.0 | ||
| 008 | 170410b xxu||||| |||| 00| 0 eng d | ||
| 020 | _a0071146598 | ||
| 020 | _a9780071146593 | ||
| 040 | _c0 | ||
| 082 | _a301.01 | ||
| 100 | 1 | _aRitzer, George. | |
| 245 | 1 | 0 |
_aModern sociological theory / _cGeorge Ritzer. |
| 250 | _a4th ed. | ||
| 260 |
_aNew York _bMcGraw-Hill _c1996. |
||
| 300 | _a609 p. | ||
| 490 | 1 | _aMcgraw-hill international editions. | |
| 500 | _aImport. | ||
| 500 | _aPaperback. | ||
| 830 | 0 | _aMcgraw-hill international editions. | |
| 856 | 4 | 0 |
_3Amazon.com _uhttp://www.amazon.com/exec/obidos/ASIN/0071146598/chopaconline-20 |
| 856 | 4 | 0 |
_3Amazon customer reviews _uhttp://www.chopac.org/cgi-bin/tools/azrev.pl?q=0071146598 |
| 942 |
_cBK _k301.01 RIT _2ddc |
||